| Tag |
First Indicator |
Second Indicator |
Subfields |
| LEADER |
00000cam a2200000 i 4500 |
| 001 |
in00000722621 |
| 005 |
20151016062635.0 |
| 008 |
791129s1978 fr a b i00010 eng |
| 010 |
|
|
|a 79320040
|
| 015 |
|
|
|a F***
|
| 020 |
|
|
|a 9264117210 :
|c 34.00F ($8.50)
|
| 035 |
|
|
|a (OCoLC)04021301
|
| 035 |
|
|
|9 ADD5216AM
|
| 040 |
|
|
|a DLC
|c DLC
|d TXA
|d UtOrBLW
|
| 049 |
|
|
|a TXAM
|c [1383873]
|
| 050 |
0 |
0 |
|a HC59.7
|b .I46
|
| 082 |
0 |
|
|a 350/.82/091724
|
| 100 |
1 |
|
|a Imboden, N.
|
| 245 |
1 |
2 |
|a A management approach to project appraisal and evaluation :
|b with special reference to non-directly productive projects /
|c by N. Imboden.
|
| 264 |
|
1 |
|a Paris :
|b Development Centre of the Organisation for Economic Co-operation and Development ;
|a [Washington, D.C.] :
|b [sold by OECD Publications Center],
|c [1978]
|
| 264 |
|
4 |
|c ©1978
|
| 300 |
|
|
|a 172 pages :
|b illustrations ;
|c 24 cm.
|
| 336 |
|
|
|a text
|b txt
|2 rdacontent
|
| 337 |
|
|
|a unmediated
|b n
|2 rdamedia
|
| 338 |
|
|
|a volume
|b nc
|2 rdacarrier
|
| 490 |
1 |
|
|a Development Centre studies
|
| 504 |
|
|
|a Includes bibliographical references.
|
| 651 |
|
0 |
|a Developing countries
|x Economic policy.
|
| 650 |
|
0 |
|a Economic development projects
|x Evaluation.
|
| 830 |
|
0 |
|a Development Centre studies.
|
| 999 |
|
|
|a MARS
|
| 999 |
f |
f |
|s cb0f6030-8bdb-3cb5-aabb-141bf0686a19
|i f99e74b1-0da3-3519-8a12-f453c0262e83
|t 0
|
| 952 |
f |
f |
|p ric
|a Texas A&M University
|b Rellis Campus
|c Joint Library Facility
|d Remote Storage
|t 0
|e HC59.7 .I46
|h Library of Congress classification
|i unmediated -- volume
|m A14802561504
|
| 998 |
f |
f |
|a HC59.7 .I46
|t 0
|l Remote Storage
|